تهذيب الأسماء و اللغات / (رقم التسجيلة. 20161)

تفاصيل مارك
000 -LEADER
fixed length control field 00758nam a22002297a 4500
005 - DATE AND TIME OF LATEST TRANSACTION
control field 20251108165025.0
008 - FIXED-LENGTH DATA ELEMENTS--GENERAL INFORMATION
fixed length control field 250721s2009 xx 000 0 ara d
082 14 - DEWEY DECIMAL CLASSIFICATION NUMBER
Classification number م/ 920.056/ نوو
100 1# - MAIN ENTRY--PERSONAL NAME
Personal name النووي، أبو زكريا يحيى بن شرف الدين الحوراني الشافعي
Relator term مؤلف
245 10 - TITLE STATEMENT
Title تهذيب الأسماء و اللغات /
264 1# - PRODUCTION, PUBLICATION, DISTRIBUTION, MANUFACTURE, AND COPYRIGHT NOTICE
Place of production, publication, distribution, manufacture دمشق :
Name of producer, publisher, distributor, manufacturer الرسالة العالمية،
Date of production, publication, distribution, manufacture, or copyright notice 2009.
300 ## - PHYSICAL DESCRIPTION
Extent 823 ص
650 17 - SUBJECT ADDED ENTRY--TOPICAL TERM
Topical term or geographic name as entry element اللغات
650 17 - SUBJECT ADDED ENTRY--TOPICAL TERM
Topical term or geographic name as entry element الاسماا
650 17 - SUBJECT ADDED ENTRY--TOPICAL TERM
Topical term or geographic name as entry element القواميس
650 17 - SUBJECT ADDED ENTRY--TOPICAL TERM
Topical term or geographic name as entry element علم المعاجم
650 17 - SUBJECT ADDED ENTRY--TOPICAL TERM
Topical term or geographic name as entry element التراجم
700 1# - ADDED ENTRY--PERSONAL NAME
Personal name مرشد، عادل
Relator term مشارك
700 1# - ADDED ENTRY--PERSONAL NAME
Personal name غضبان، عامر
Relator term مشارك
942 ## - ADDED ENTRY ELEMENTS (KOHA)
Source of classification or shelving scheme Dewey Decimal Classification
Koha item type مراجع
المقتنيات
حالة السحب حالة الفقدان مصدر التصنيف حالة التلف غير قابل للإعارة المكتبة الرئيسية المكتبة الحالية موقع الرف تاريخ التزويد الرقم المتسلسل Total Checkouts رقم الإستدعاء الباركود تاريخ آخر ظهور تاريخ الفاتورة نوع المادة (كوها)
    Dewey Decimal Classification   Not For Loan المكتبة المركزية المكتبة المركزية مراجع 28/07/2025 1285716   م/ 920.056/ نوو PLD00085293 28/07/2025 28/07/2025 مراجع
    Dewey Decimal Classification     المكتبة المركزية المكتبة المركزية مقتنيات قسم التزويد 28/07/2025 1285718   م/ 920.056/ نوو   28/07/2025 28/07/2025 مراجع
    Dewey Decimal Classification   Not For Loan مكتبة أبو علندا العامة مكتبة أبو علندا العامة مراجع 28/04/2009 1285719   م/ 920.056/ نوو PLD00085345 28/07/2025 28/04/2009 مراجع
    Dewey Decimal Classification   Not For Loan مكتبة أم قصير والمقابلين العامة مكتبة أم قصير والمقابلين العامة مراجع 28/04/2009 1285727   م/ 920.056/ نوو PLD00085353 28/07/2025 28/04/2009 مراجع
    Dewey Decimal Classification   Not For Loan مكتبة الأميرة ايمان العامة مكتبة الأميرة ايمان العامة مراجع 28/04/2009 1285720   م/ 920.056/ نوو PLD00085346 28/07/2025 28/04/2009 مراجع
    Dewey Decimal Classification   Not For Loan مكتبة الاميرة بديعة مكتبة الاميرة بديعة مراجع 28/04/2009 1285721   م/ 920.056/ نوو PLD00085347 28/07/2025 28/04/2009 مراجع
    Dewey Decimal Classification   Not For Loan مكتبة البراعم الواعدة مكتبة البراعم الواعدة مراجع 28/04/2009 1285722   م/ 920.056/ نوو PLD00085348 28/07/2025 28/04/2009 مراجع
    Dewey Decimal Classification   Not For Loan مكتبة البراعم الواعدة مكتبة البراعم الواعدة مراجع 26/06/2018 1653666   م/ 920.056/ نوو PLD00422679 28/07/2025 26/06/2018 مراجع
    Dewey Decimal Classification   Not For Loan مكتبة الجويدة مكتبة الجويدة مراجع 28/04/2009 1285723   م/ 920.056/ نوو PLD00085349 28/07/2025 28/04/2009 مراجع
    Dewey Decimal Classification   Not For Loan مكتبة النصر العامة مكتبة النصر العامة مراجع 28/04/2009 1285725   م/ 920.056/ نوو PLD00085351 28/07/2025 28/04/2009 مراجع
    Dewey Decimal Classification   Not For Loan مكتبة حمزة العامة مكتبة حمزة العامة مراجع 28/04/2009 1285730   م/ 920.056/ نوو PLD00085356 28/07/2025 28/04/2009 مراجع
    Dewey Decimal Classification   Not For Loan مكتبة مرج الحمام مكتبة مرج الحمام مراجع 28/04/2009 1285731   م/ 920.056/ نوو PLD00085357 28/07/2025 28/04/2009 مراجع
    Dewey Decimal Classification   Not For Loan مكتبة وادي السير العامة مكتبة وادي السير العامة مراجع 28/04/2009 1285733   م/ 920.056/ نوو PLD00085359 28/07/2025 28/04/2009 مراجع
Implemented & Customized by: BBB with SCIT (Smart Chains for Information Technology)

Powered by Koha